Elenca la formazione - Quiz n°4 - Statistics

Statistiche generali
  • Questo quiz è stato fatto 198 volte
  • Il punteggio medio è 6 su 11
Statistiche sulle risposte
Ruolo Nazione Calciatore % Corretto
Portiere Belgio Simon Mignolet
81%
Trequartista Brasile Roberto Firmino
78%
Attaccante Inghilterra Daniel Sturridge
67%
Difensore Croazia Dejan Lovren
64%
Ala Brasile Philippe Coutinho
64%
Centrocampista Inghilterra James Milner
57%
Difensore Spagna Alberto Moreno
54%
Centrocampista Germania Emre Can
49%
Difensore Costa d'Avorio Kolo Touré
30%
Ala Inghilterra Adam Lallana
29%
Difensore Inghilterra Nethaniel Clyne
26%
Nessun quiz corrispondente trovato
Distribuzione punteggi
Percentuale di utenti per punteggio
Percentile per numero di risposta
I tuoi punteggi nel tempo
Non hai fatto questo quiz